| 000 | 00599nam a2200181 i 4500 | ||
|---|---|---|---|
| 001 | 141177 | ||
| 003 | ES-MaACL | ||
| 005 | 20230906200235.0 | ||
| 007 | t| | ||
| 008 | 070920s1884 gw ||||1| lat d | ||
| 080 | _a912(100):930.9".../04" | ||
| 100 | 1 |
_aWolf, Carl. _9117221 |
|
| 245 | 1 | 0 |
_aAtlas antiquus _b: orbis antiqui descriptio in usum scholarum : XVI tabulae et XX tabellae / _cC. Wolf. |
| 260 |
_aVimariae : _bSumptibus Instituti Geographici, _c[1884?] |
||
| 300 |
_a48 p. : 16 map. en col. ; _c20 cm. |
||
| 650 | 1 | 4 |
_aHistoria antigua- _vAtlas. _913386 |
| 852 |
_aES-MaACL _jT-435-F-20 |
||
| 999 |
_c141177 _d141177 |
||